[Event "World Team Championship 2019"]
[Site "Astana KAZ"]
[Date "2019.03.09"]
[Round "5"]
[White "Makhnev, Denis"]
[Black "Andreikin, Dmitry"]
[Result "0-1"]
[WhiteElo "2476"]
[BlackElo "2725"]
[PlyCount "158"]
[EventDate "2019.03.05"]
[WhiteTeam "Kazakhstan"]
[BlackTeam "Russia"]

1. d4 d5 2. c4 c6 3. Nf3 Nf6 4. Qc2 e6 5. g3 Be7 6. Bg2 O-O 7. O-O b6 8. cxd5
cxd5 9. Nc3 Bb7 10. Bf4 Nc6 11. Rfc1 Rc8 12. Qd1 Ne4 13. Ne5 Nxe5 14. Bxe5 Nxc3
15. Rxc3 Rxc3 16. bxc3 Qd7 17. Bf4 Rc8 18. Bd2 Rc4 19. Qb1 Qc6 20. e3 Ra4 21.
Bf1 Ba6 22. Bxa6 Rxa6 23. Qc2 Qc4 24. e4 b5 25. exd5 Qxd5 26. Be3 h6 27. Qe2
Ra3 28. Qc2 Ra4 29. Bc1 a6 30. a3 h5 31. h4 Qf3 32. Bb2 g6 33. Bc1 Bd6 34. Bb2
Be7 35. Bc1 Rc4 36. Bb2 Qg4 37. Qd1 Qe4 38. Rc1 Ra4 39. Ra1 Qd5 40. Qc2 Kf8 41.
Qd1 Ke8 42. Qc2 Bd6 43. Qd1 Kd7 44. Qc2 Qf3 45. Bc1 f5 46. Bb2 f4 47. Qxg6 fxg3
48. Rf1 gxf2+ 49. Rxf2 Qg3+ 50. Qxg3 Bxg3 51. Rf7+ Kc6 52. Rh7 Bxh4 53. Rxh5
Be7 54. Kf2 Bxa3 55. Bxa3 Rxa3 56. Rc5+ Kb6 57. Rc8 Kb7 58. Rc5 Ra4 59. d5 Rf4+
60. Ke3 Rf5 61. c4 bxc4 62. Rxc4 Rxd5 63. Rb4+ Kc6 64. Rb8 a5 65. Re8 e5 66.
Ke4 Rc5 67. Kd3 Kb5 68. Rb8+ Ka4 69. Rb1 Ka3 70. Rb8 a4 71. Rb7 Ka2 72. Kd2 Rc4
73. Rb8 e4 74. Rb7 Ka3 75. Rb8 Rb4 76. Rc8 Ka2 77. Kc2 Rb2+ 78. Kc1 e3 79. Rc3
Rb1+ 0-1

[Event "World Team Championship 2019"]
[Site "Astana KAZ"]
[Date "2019.03.09"]
[Round "5"]
[White "Artemiev, Vladislav"]
[Black "Kostenko, Petr"]
[Result "1-0"]
[WhiteElo "2736"]
[BlackElo "2466"]
[PlyCount "111"]
[EventDate "2019.03.05"]
[WhiteTeam "Russia"]
[BlackTeam "Kazakhstan"]

1. c4 e5 2. Nc3 d6 3. g3 f5 4. d4 Be7 5. Bh3 c6 6. dxe5 dxe5 7. Qxd8+ Bxd8 8.
e4 Ne7 9. Bg5 fxe4 10. Bxc8 Nxc8 11. Bxd8 Kxd8 12. Nxe4 Nb6 13. b3 N8d7 14. Nf3
Kc7 15. O-O-O Rae8 16. Rhe1 Rhf8 17. Re3 Re7 18. Rde1 a5 19. R1e2 Nc8 20. Rd3
Nf6 21. Nfd2 Nb6 22. Kc2 Nbd7 23. f3 Nxe4 24. Nxe4 Nf6 25. Nd2 g5 26. Rde3 Nd7
27. a3 h6 28. c5 Rfe8 29. Nc4 Nxc5 30. Rxe5 Rxe5 31. Rxe5 Rxe5 32. Nxe5 Ne6 33.
Kd3 b5 34. b4 axb4 35. axb4 Kd6 36. Nf7+ Kd5 37. Nxh6 Nd4 38. f4 gxf4 39. gxf4
Nf3 40. Ng4 c5 41. bxc5 Kxc5 42. Ke4 Nh4 43. Ne5 Kd6 44. Nf3 Ng6 45. h4 b4 46.
h5 Nf8 47. Nd4 Kc5 48. h6 Kd6 49. Kf5 Kd5 50. Nb3 Kc4 51. Nc1 Kd4 52. Kf6 Ke3
53. Kf7 Nh7 54. Kg7 Kd2 55. Nb3+ Kc3 56. Na5 1-0

[Event "World Team Championship 2019"]
[Site "Astana KAZ"]
[Date "2019.03.09"]
[Round "5"]
[White "Adams, Michael"]
[Black "Adhiban, Baskaran"]
[Result "1/2-1/2"]
[WhiteElo "2708"]
[BlackElo "2683"]
[PlyCount "60"]
[EventDate "2019.03.05"]
[WhiteTeam "England"]
[BlackTeam "India"]

1. e4 c5 2. Nf3 Nc6 3. Bb5 g6 4. O-O Bg7 5. Re1 Nf6 6. e5 Nd5 7. Nc3 Nc7 8.
Bxc6 dxc6 9. Ne4 b6 10. h3 O-O 11. d3 Ne6 12. Neg5 Nd4 13. Bf4 h6 14. Ne4 Kh7
15. b3 Be6 16. a4 a5 17. Nxd4 cxd4 18. Qf3 Bd5 19. h4 Qd7 20. Qg3 Qf5 21. f3
Qd7 22. Re2 c5 23. Nd2 Rac8 24. Nc4 Rc6 25. Rae1 Qf5 26. Qh2 Qd7 27. Qg3 Qf5
28. Qh2 Qd7 29. Qg3 Qf5 30. Qh2 Qd7 1/2-1/2

[Event "World Team Championship 2019"]
[Site "Astana KAZ"]
[Date "2019.03.09"]
[Round "5"]
[White "Naiditsch, Arkadij"]
[Black "Swiercz, Dariusz"]
[Result "1-0"]
[WhiteElo "2710"]
[BlackElo "2655"]
[PlyCount "87"]
[EventDate "2019.03.05"]
[WhiteTeam "Azerbaijan"]
[BlackTeam "United States of America"]

1. e4 e5 2. Nf3 Nc6 3. Bb5 Nf6 4. O-O Nxe4 5. Re1 Nd6 6. Nxe5 Be7 7. Bf1 Nxe5
8. Rxe5 O-O 9. d4 Bf6 10. Re1 Re8 11. Rxe8+ Nxe8 12. d5 d6 13. Nd2 Bf5 14. Nc4
c6 15. c3 Be4 16. dxc6 bxc6 17. Qa4 c5 18. Bf4 d5 19. Nd2 Bf5 20. Bb5 Qe7 21.
Nb3 c4 22. Na5 Qe2 23. Bc6 Rd8 24. Qb5 Nd6 25. Bxd6 Rxd6 26. Bxd5 Rb6 27. Qxc4
Rxb2 28. Bxf7+ Kf8 29. Qc5+ Kxf7 30. Qxf5 Qc2 31. Qd7+ Kf8 32. Qc8+ Kf7 33. Rf1
Qxc3 34. Nc4 Rc2 35. Qd7+ Kg6 36. Nd6 Kh6 37. Nf5+ Kg6 38. Ne3 Rc1 39. Qe8+ Kh6
40. g3 Rxf1+ 41. Kxf1 g6 42. Qf8+ Kh5 43. g4+ Kg5 44. h4+ 1-0

[Event "World Team Championship 2019"]
[Site "Astana KAZ"]
[Date "2019.03.09"]
[Round "5"]
[White "Sevian, Samuel"]
[Black "Mamedov, Rauf"]
[Result "1/2-1/2"]
[WhiteElo "2642"]
[BlackElo "2701"]
[PlyCount "64"]
[EventDate "2019.03.05"]
[WhiteTeam "United States of America"]
[BlackTeam "Azerbaijan"]

1. d4 d5 2. c4 c6 3. Nf3 Nf6 4. cxd5 cxd5 5. Nc3 Nc6 6. Bf4 Bf5 7. e3 e6 8. Qb3
Bb4 9. Ne5 Qb6 10. Nxc6 bxc6 11. Be2 Ne4 12. f3 Nxc3 13. bxc3 Be7 14. c4 g5 15.
Be5 f6 16. Bg3 h5 17. h4 gxh4 18. Rxh4 Qb4+ 19. Kf2 a5 20. Rc1 Qxb3 21. axb3
Ba3 22. Ra1 Bb4 23. e4 Bg6 24. cxd5 cxd5 25. Bb5+ Ke7 26. Bc6 Rac8 27. exd5
Rhd8 28. Rhh1 exd5 29. Rhc1 Bd2 30. Rc5 Bb4 31. Rcc1 Bd2 32. Rc5 Bb4 1/2-1/2

[Event "World Team Championship 2019"]
[Site "Astana KAZ"]
[Date "2019.03.09"]
[Round "5"]
[White "Ding, Liren"]
[Black "Maghsoodloo, Parham"]
[Result "1/2-1/2"]
[WhiteElo "2812"]
[BlackElo "2673"]
[PlyCount "108"]
[EventDate "2019.03.05"]
[WhiteTeam "China"]
[BlackTeam "Iran"]

1. Nf3 Nf6 2. c4 e6 3. g3 a6 4. Bg2 b5 5. b3 Bb7 6. O-O Be7 7. Nc3 b4 8. Na4
O-O 9. d4 d6 10. d5 exd5 11. Nh4 c5 12. Nf5 Re8 13. cxd5 Bf8 14. Re1 a5 15. e4
Nbd7 16. Nb2 Nb6 17. Bf4 Bc8 18. Qc2 Bxf5 19. exf5 Qd7 20. Rxe8 Rxe8 21. Rd1 g6
22. fxg6 hxg6 23. h3 Qf5 24. Qxf5 gxf5 25. Kf1 Ne4 26. Bxe4 fxe4 27. Rd2 Kh7
28. Nd1 Bh6 29. Bxh6 Kxh6 30. Ne3 Kg6 31. g4 Kf6 32. h4 Ke5 33. h5 Rg8 34. Ke2
f5 35. gxf5 Rh8 36. h6 Kf4 37. Rd1 Rxh6 38. Rg1 Rf6 39. Rg6 Nd7 40. Rg4+ Ke5
41. Rg7 Nb6 42. Re7+ Kd4 43. Re6 Nd7 44. Kd2 c4 45. bxc4 a4 46. Kc2 Kc5 47.
Rxe4 Rh6 48. Ng4 Rh3 49. Re7 b3+ 50. axb3 axb3+ 51. Kb2 Nb6 52. Ne3 Nxc4+ 53.
Kxb3 Nxe3 54. fxe3 Rf3 1/2-1/2

[Event "World Team Championship 2019"]
[Site "Astana KAZ"]
[Date "2019.03.09"]
[Round "5"]
[White "Idani, Pouya"]
[Black "Wei, Yi"]
[Result "0-1"]
[WhiteElo "2604"]
[BlackElo "2733"]
[PlyCount "76"]
[EventDate "2019.03.05"]
[WhiteTeam "Iran"]
[BlackTeam "China"]

1. e4 e5 2. Nf3 Nc6 3. d4 exd4 4. Nxd4 Nf6 5. Nxc6 bxc6 6. e5 Qe7 7. Qe2 Nd5 8.
c4 Ba6 9. b3 g6 10. Ba3 d6 11. exd6 Qxe2+ 12. Bxe2 Bg7 13. cxd5 Bxe2 14. Kxe2
Bxa1 15. Rc1 O-O-O 16. Rxc6 Rd7 17. Bc5 Re8+ 18. Kd3 Re5 19. Na3 Rxd5+ 20. Kc4
Rd2 21. Nb5 Be5 22. a4 Kb7 23. dxc7 Rc2+ 24. Kb4 a5+ 25. Kxa5 Bxc7+ 26. Rxc7+
Rxc7 27. Nxc7 Rxc5+ 28. Nb5 Rc2 29. Nd6+ Kc6 30. Nxf7 Rxf2 31. Ne5+ Kb7 32. Nd3
Rxg2 33. b4 Rxh2 34. b5 Rh5 35. Kb4 Rh4+ 36. Ka5 Rc4 37. Ne5 Rd4 38. Nc6 Rd6
0-1

[Event "World Team Championship 2019"]
[Site "Astana KAZ"]
[Date "2019.03.09"]
[Round "5"]
[White "Bu, Xiangzhi"]
[Black "Tabatabaei, M.amin"]
[Result "1-0"]
[WhiteElo "2731"]
[BlackElo "2600"]
[PlyCount "121"]
[EventDate "2019.03.05"]
[WhiteTeam "China"]
[BlackTeam "Iran"]

1. d4 Nf6 2. c4 e6 3. Nf3 d5 4. Nc3 dxc4 5. e3 a6 6. a4 b6 7. Bxc4 Bb7 8. O-O
Bb4 9. Qc2 Nbd7 10. Rd1 O-O 11. b3 Qe7 12. Bb2 Rfd8 13. d5 Nc5 14. dxe6 Nxe6
15. Qf5 Bd6 16. Nd5 Nxd5 17. Bxd5 Bxd5 18. Rxd5 c6 19. Rdd1 f6 20. g3 a5 21.
Rac1 Rac8 22. Nd2 Ng5 23. h4 Nf7 24. Qe4 Qxe4 25. Nxe4 h5 26. Bd4 c5 27. Bb2
Be5 28. Bxe5 Nxe5 29. Nd6 Rb8 30. Kf1 Nf7 31. Nb5 Rbc8 32. Ke2 Kf8 33. Rxd8+
Rxd8 34. Na3 Ke7 35. Nc4 Rb8 36. Rd1 Ke6 37. Kd3 Nd6 38. e4 g6 39. f4 Nf7 40.
Kc3 Rb7 41. Rd2 Rb8 42. Rd1 Rb7 43. Re1 Rb8 44. Re3 Nh6 45. Rd3 Nf7 46. Kd2 Rb7
47. Ke3 Rb8 48. Kd2 Rb7 49. Kc3 Rb8 50. e5 Ke7 51. exf6+ Kxf6 52. Rd7 Ke6 53.
Rc7 Rd8 54. Rc6+ Kf5 55. Rxb6 Nh6 56. Nxa5 Ng4 57. Nb7 Rd1 58. a5 Rg1 59. Nd6+
Ke6 60. Kc4 Ne3+ 61. Kxc5 1-0

[Event "HDBank Chess Open 2019"]
[Site "Ho Chi Minh City VIE"]
[Date "2019.03.11"]
[Round "7"]
[White "Wang, Hao"]
[Black "Van Wely, Loek"]
[Result "1-0"]
[WhiteElo "2718"]
[BlackElo "2612"]
[PlyCount "93"]
[EventDate "2019.03.07"]

1. e4 c5 2. Nf3 d6 3. d4 cxd4 4. Nxd4 Nf6 5. Nc3 a6 6. h3 e6 7. g4 b5 8. Bg2
Bb7 9. O-O Nfd7 10. a4 bxa4 11. Rxa4 Nc6 12. Nxc6 Bxc6 13. Rc4 Ne5 14. Rd4 Be7
15. b3 Qa5 16. Qd2 Rc8 17. Bb2 Bb7 18. Na4 Qxd2 19. Rxd2 h5 20. Rfd1 hxg4 21.
hxg4 Nxg4 22. Nb6 Rc7 23. Nc4 O-O 24. Ba3 d5 25. Bxe7 Rxe7 26. exd5 exd5 27.
Bxd5 Bxd5 28. Rxd5 Rfe8 29. Nd6 Re1+ 30. Kg2 Rxd1 31. Rxd1 Rd8 32. Kf3 f5 33.
Rd5 Kh7 34. b4 g6 35. c4 Ne5+ 36. Rxe5 Rxd6 37. c5 Rd4 38. c6 Rxb4 39. Rc5 Rb8
40. Kf4 Kh6 41. c7 Rc8 42. Rc4 a5 43. Ke5 Kh5 44. Kd6 g5 45. Kd7 Ra8 46. c8=Q
Rxc8 47. Rxc8 1-0

[Event "HDBank Chess Open 2019"]
[Site "Ho Chi Minh City VIE"]
[Date "2019.03.12"]
[Round "8"]
[White "Wang, Hao"]
[Black "Bogdanovich, Stanislav"]
[Result "1-0"]
[WhiteElo "2718"]
[BlackElo "2536"]
[PlyCount "167"]
[EventDate "2019.03.07"]

1. e4 e5 2. Nf3 Nc6 3. Bb5 Nf6 4. d3 d6 5. O-O Be7 6. c3 O-O 7. Re1 Bd7 8. a4
Re8 9. Nbd2 Bf8 10. Nf1 h6 11. Ng3 Ne7 12. d4 Ng6 13. h3 c6 14. Bd3 Qc7 15. Be3
a5 16. Qc2 Be6 17. Nd2 Nd7 18. Rad1 Rad8 19. Nh5 f6 20. Bc4 Bxc4 21. Nxc4 Kh8
22. Ng3 exd4 23. cxd4 b5 24. Nd2 bxa4 25. Qxa4 d5 26. exd5 cxd5 27. Rc1 Qb7 28.
Qc2 Ne7 29. Nf5 Nxf5 30. Qxf5 Bb4 31. Bf4 Rxe1+ 32. Rxe1 Nf8 33. Rc1 Qd7 34.
Qc2 Ne6 35. Be3 Ng5 36. Bxg5 hxg5 37. Nf1 Bd6 38. Ra1 Qb5 39. g3 Rb8 40. Ne3
Qxb2 41. Qxb2 Rxb2 42. Rxa5 Bb4 43. Rxd5 Be1 44. Ng4 Bc3 45. Nh2 Be1 46. Rf5
Kh7 47. Kf1 Kg6 48. g4 Rb1 49. Nf3 Bc3+ 50. Kg2 Rd1 51. Rc5 Bb2 52. Rb5 Bc3 53.
Rb7 Rd3 54. Rb3 Rxf3 55. Kxf3 Bxd4 56. Rb4 Bc5 57. Rb5 Bd4 58. Ke2 Be5 59. Kd3
Bd6 60. Ke4 Bc7 61. Rd5 Bb8 62. Rd8 Bc7 63. Rh8 Be5 64. Kd5 Bc3 65. Ke6 Bd4 66.
f3 Bc5 67. Rh5 Bf2 68. Ke7 Bc5+ 69. Ke8 Bd6 70. Kd7 Ba3 71. Ke6 Bc1 72. Kd5 Bb2
73. Ke4 Ba1 74. Rh8 Bb2 75. h4 gxh4 76. Rxh4 f5+ 77. gxf5+ Kf7 78. Rh2 Bf6 79.
Ra2 Bh4 80. Ra7+ Kf6 81. Kf4 Be1 82. Ra6+ Kf7 83. Kg5 Bf2 84. Rc6 1-0

[Event "HDBank Chess Open 2019"]
[Site "Ho Chi Minh City VIE"]
[Date "2019.03.13"]
[Round "9"]
[White "Wen, Yang"]
[Black "Wang, Hao"]
[Result "1/2-1/2"]
[WhiteElo "2599"]
[BlackElo "2718"]
[PlyCount "22"]
[EventDate "2019.03.07"]

1. e4 e5 2. Nf3 Nc6 3. Bb5 a6 4. Bxc6 dxc6 5. O-O Bg4 6. h3 h5 7. c3 Qd3 8.
hxg4 hxg4 9. Nxe5 Bd6 10. Nxd3 Bh2+ 11. Kh1 Bg3+ 1/2-1/2

[Event "1st Prague Masters 2019"]
[Site "Prague CZE"]
[Date "2019.03.12"]
[Round "6"]
[White "Laznicka, Viktor"]
[Black "Harikrishna, Pentala"]
[Result "1/2-1/2"]
[WhiteElo "2670"]
[BlackElo "2730"]
[PlyCount "56"]
[EventDate "2019.03.06"]

1. c4 e6 2. Nf3 d5 3. e3 dxc4 4. Bxc4 a6 5. b3 Nf6 6. Bb2 c5 7. O-O Nc6 8. d4
cxd4 9. Nxd4 Bd7 10. Nd2 Be7 11. N4f3 O-O 12. Rc1 Rc8 13. Ng5 h6 14. Nge4 Nb4
15. a3 Nbd5 16. Qe2 Nxe4 17. Nxe4 Nf6 18. Bd3 Bc6 19. Rcd1 Nxe4 20. Bxe4 Bxe4
21. Rxd8 Rfxd8 22. Rc1 Rxc1+ 23. Bxc1 Bd3 24. Qd1 Bg6 25. Qe2 Bd3 26. Qd1 Be4
27. Qe2 Bd3 28. Qd1 Be4 1/2-1/2

[Event "1st Prague Masters 2019"]
[Site "Prague CZE"]
[Date "2019.03.12"]
[Round "6"]
[White "Rapport, Richard"]
[Black "Navara, David"]
[Result "1/2-1/2"]
[WhiteElo "2738"]
[BlackElo "2739"]
[PlyCount "105"]
[EventDate "2019.03.06"]

1. c4 e5 2. b3 Nf6 3. Bb2 Nc6 4. Nf3 e4 5. Nd4 Bc5 6. Nf5 O-O 7. e3 d5 8. cxd5
Qxd5 9. Ng3 Ne5 10. Nc3 Nd3+ 11. Bxd3 Qxd3 12. Qe2 Re8 13. Rc1 Bb6 14. f3 Qxe2+
15. Kxe2 exf3+ 16. gxf3 c6 17. Rhg1 Bd4 18. Kf2 Be5 19. d4 Bc7 20. Nce4 Nxe4+
21. Nxe4 Re6 22. d5 Rg6 23. dxc6 bxc6 24. h4 Bd8 25. h5 Bh4+ 26. Ke2 Rxg1 27.
Rxg1 g6 28. Nf6+ Bxf6 29. Bxf6 c5 30. h6 Be6 31. e4 a5 32. f4 Ra6 33. Be7 c4
34. f5 cxb3 35. fxe6 Rxe6 36. Bc5 bxa2 37. Kd3 f5 38. exf5 Re5 39. Bd4 Rxf5 40.
Ra1 Kf7 41. Rxa2 g5 42. Rb2 Kg6 43. Rb6+ Kh5 44. Ra6 a4 45. Ke3 a3 46. Bg7 g4
47. Ke4 Rg5 48. Rxa3 g3 49. Ra1 g2 50. Rg1 Rg4+ 51. Kf3 Kh4 52. Rxg2 Rxg2 53.
Kxg2 1/2-1/2

[Event "1st Prague Masters 2019"]
[Site "Prague CZE"]
[Date "2019.03.12"]
[Round "6"]
[White "Wojtaszek, Radoslaw"]
[Black "Gelfand, Boris"]
[Result "1/2-1/2"]
[WhiteElo "2722"]
[BlackElo "2655"]
[PlyCount "33"]
[EventDate "2019.03.06"]

1. c4 c5 2. Nf3 Nc6 3. d4 cxd4 4. Nxd4 Nf6 5. Nc3 e6 6. g3 Qb6 7. Ndb5 Ne5 8.
Bg2 a6 9. Na4 Qd8 10. Nbc3 Nxc4 11. b3 Ne5 12. Be3 d5 13. Bb6 Qd6 14. Bc5 Qd8
15. Bb6 Qd6 16. Bc5 Qd8 17. Bb6 1/2-1/2

[Event "1st Prague Masters 2019"]
[Site "Prague CZE"]
[Date "2019.03.12"]
[Round "6"]
[White "Vidit, Santosh Gujrathi"]
[Black "Vitiugov, Nikita"]
[Result "1/2-1/2"]
[WhiteElo "2711"]
[BlackElo "2726"]
[PlyCount "54"]
[EventDate "2019.03.06"]

1. d4 Nf6 2. c4 e6 3. g3 d5 4. Bg2 dxc4 5. Nf3 c6 6. Ne5 Bb4+ 7. Bd2 Be7 8. e3
b5 9. Nxc6 Nxc6 10. Bxc6+ Bd7 11. Bxa8 Qxa8 12. f3 e5 13. dxe5 Ng4 14. O-O Nxe5
15. Bc3 Nd3 16. b3 O-O 17. bxc4 bxc4 18. Nd2 Bh3 19. Nxc4 Bxf1 20. Kxf1 Rd8 21.
Bd4 Bf6 22. Bxf6 gxf6 23. Qe2 Qc8 24. Nd2 Nc1 25. Qe1 Nd3 26. Qe2 Nc1 27. Qe1
Nd3 1/2-1/2

[Event "1st Prague Masters 2019"]
[Site "Prague CZE"]
[Date "2019.03.12"]
[Round "6"]
[White "Duda, Jan-Krzysztof"]
[Black "Shankland, Samuel"]
[Result "1/2-1/2"]
[WhiteElo "2731"]
[BlackElo "2731"]
[PlyCount "71"]
[EventDate "2019.03.06"]

1. Nf3 Nf6 2. c4 c5 3. b3 e6 4. Bb2 Be7 5. g3 b6 6. Bg2 Bb7 7. O-O O-O 8. Nc3
d5 9. e3 Qc8 10. Qe2 Rd8 11. cxd5 Nxd5 12. Rfd1 Nc6 13. d4 Nxc3 14. Bxc3 cxd4
15. Bxd4 Nxd4 16. Nxd4 Bxg2 17. Kxg2 Qb7+ 18. Qf3 Qxf3+ 19. Kxf3 Rac8 20. Rac1
Kf8 21. Nb5 a6 22. Rxd8+ Rxd8 23. Nc7 a5 24. Rc6 Rd6 25. Rxd6 Bxd6 26. Nb5 Ke7
27. Ke4 Kd7 28. Kd4 Kc6 29. Na7+ Kb7 30. Nb5 Kc6 31. a4 g6 32. Kc4 Bc5 33. Nc3
f5 34. Nd1 Ba3 35. h3 Bd6 36. Kd3 1/2-1/2

[Event "World Team Championship 2019"]
[Site "Astana KAZ"]
[Date "2019.03.11"]
[Round "6"]
[White "Karjakin, Sergey"]
[Black "Naiditsch, Arkadij"]
[Result "0-1"]
[WhiteElo "2753"]
[BlackElo "2710"]
[PlyCount "128"]
[EventDate "2019.03.05"]
[WhiteTeam "Russia"]
[BlackTeam "Azerbaijan"]

1. e4 c5 2. Nf3 Nc6 3. d4 cxd4 4. Nxd4 e5 5. Nb5 d6 6. N1c3 a6 7. Na3 b5 8. Nd5
Nge7 9. c4 Nxd5 10. cxd5 Nd4 11. Bd3 g6 12. O-O Bg7 13. Be3 O-O 14. Bxd4 exd4
15. Nc2 Bd7 16. Ne1 Qb6 17. Nf3 a5 18. h3 a4 19. Qd2 a3 20. b3 Rac8 21. Rfe1
Rfe8 22. Rad1 Rc3 23. Kh2 Qd8 24. b4 Qf6 25. Ng1 g5 26. Ne2 Qxf2 27. Qxg5 h6
28. Qg3 Qxg3+ 29. Kxg3 Rxe4 30. Nxc3 Be5+ 31. Kf2 Rf4+ 32. Ke2 dxc3 33. Rb1 Rd4
34. Rb3 Rxd5 35. Rd1 Be6 36. Rxa3 Bf6 37. Bc2 Rg5 38. Kf2 d5 39. Ra8+ Kg7 40.
a4 d4 41. g4 Bc4 42. axb5 Re5 43. Rc8 Re2+ 44. Kf3 Re3+ 45. Kf2 Bxb5 46. Bf5
Be2 47. Rb1 Bh4+ 48. Kg2 Bf3+ 49. Kg1 Re2 50. Rf1 Rg2+ 51. Kh1 Bf2 52. Bd3
Rxg4+ 53. Kh2 Rg2+ 54. Kh1 Rg5+ 55. Kh2 Bg3+ 56. Kg1 Bf4+ 57. Kf2 Bb7 58. Rc5
Rg2+ 59. Ke1 Bg3+ 60. Kd1 Rd2+ 61. Kc1 Rxd3 62. Rcf5 Be4 63. Rxf7+ Kg6 64.
R1f6+ Kh5 0-1

[Event "World Team Championship 2019"]
[Site "Astana KAZ"]
[Date "2019.03.11"]
[Round "6"]
[White "Mamedov, Rauf"]
[Black "Nepomniachtchi, Ian"]
[Result "0-1"]
[WhiteElo "2701"]
[BlackElo "2771"]
[PlyCount "62"]
[EventDate "2019.03.05"]
[WhiteTeam "Azerbaijan"]
[BlackTeam "Russia"]

1. e4 c5 2. Nf3 d6 3. Bb5+ Nd7 4. c3 Ngf6 5. Qe2 a6 6. Ba4 b5 7. Bc2 Bb7 8. d4
g6 9. O-O Bg7 10. e5 dxe5 11. dxe5 Bxf3 12. gxf3 Nd5 13. e6 N7f6 14. c4 bxc4
15. exf7+ Kxf7 16. Nd2 Bh6 17. Ne4 Bxc1 18. Raxc1 Nxe4 19. Bxe4 e6 20. Qxc4
Qg5+ 21. Kh1 Rhd8 22. Rfd1 Rab8 23. b3 Nf4 24. Rg1 Qe5 25. Rce1 Qd6 26. Rg4 Rb4
27. Rxf4+ Qxf4 28. Qxc5 Rb5 29. Qa7+ Kf8 30. Rg1 Rh5 31. Rg3 Qh6 0-1

[Event "World Team Championship 2019"]
[Site "Astana KAZ"]
[Date "2019.03.11"]
[Round "6"]
[White "Grischuk, Alexander"]
[Black "Safarli, Eltaj"]
[Result "1/2-1/2"]
[WhiteElo "2771"]
[BlackElo "2662"]
[PlyCount "135"]
[EventDate "2019.03.05"]
[WhiteTeam "Russia"]
[BlackTeam "Azerbaijan"]

1. e4 e5 2. Nf3 Nf6 3. Nxe5 d6 4. Nf3 Nxe4 5. d4 d5 6. Bd3 Bd6 7. O-O O-O 8.
Re1 Bf5 9. c4 c6 10. Qb3 Qd7 11. Nc3 Nxc3 12. Bxf5 Qxf5 13. Qxb7 Qd7 14. Qxd7
Nxd7 15. c5 Bxh2+ 16. Nxh2 Ne4 17. Nf1 Rfe8 18. f3 Nef6 19. Rxe8+ Rxe8 20. Bd2
Nf8 21. Ne3 Ne6 22. Nc2 h5 23. Re1 g5 24. a4 Kh7 25. Nb4 Rc8 26. Nd3 Nd7 27. b4
a6 28. f4 gxf4 29. Nxf4 Ndf8 30. Nxh5 Nxd4 31. Re7 Nfe6 32. Nf4 Nxf4 33. Bxf4
Kg6 34. Kf2 a5 35. bxa5 Ne6 36. Bd6 Ra8 37. Rb7 Rxa5 38. Rb6 Nxc5 39. Rxc6 Ne4+
40. Kf3 Rxa4 41. Bf4+ f6 42. Be3 Ra3 43. Ke2 Kf5 44. Rc8 Nd6 45. Rd8 Ke6 46.
Bc5 Ra2+ 47. Kf3 Nc4 48. Re8+ Kf5 49. g4+ Kg6 50. Rg8+ Kf7 51. Rf8+ Kg7 52. Rd8
Ne5+ 53. Ke3 Ra5 54. Rxd5 Kg6 55. Kd4 Ra4+ 56. Kc3 Rxg4 57. Be7 Rg3+ 58. Kc2
Kf7 59. Bxf6 Kxf6 60. Rd8 Kf5 61. Kd1 Ke4 62. Re8 Rg2 63. Ke1 Ra2 64. Kd1 Kd4
65. Rd8+ Ke3 66. Re8 Rd2+ 67. Kc1 Rd5 68. Kc2 1/2-1/2

[Event "World Team Championship 2019"]
[Site "Astana KAZ"]
[Date "2019.03.11"]
[Round "6"]
[White "Abasov, Nijat"]
[Black "Artemiev, Vladislav"]
[Result "1/2-1/2"]
[WhiteElo "2627"]
[BlackElo "2736"]
[PlyCount "51"]
[EventDate "2019.03.05"]
[WhiteTeam "Azerbaijan"]
[BlackTeam "Russia"]

1. Nf3 Nf6 2. c4 c6 3. d4 d5 4. Nc3 a6 5. cxd5 cxd5 6. Bf4 Nc6 7. e3 Bg4 8. h3
Bxf3 9. Qxf3 e6 10. Bd3 Bd6 11. O-O O-O 12. Rfc1 Bxf4 13. Qxf4 Rc8 14. Na4 Nb4
15. Bf1 Rxc1 16. Rxc1 Nxa2 17. Rc7 b5 18. Nc5 Nb4 19. Rb7 h6 20. Qe5 Qa5 21.
Rb8 Rxb8 22. Qxb8+ Kh7 23. Qb7 Kg8 24. Qb8+ Kh7 25. Qb7 Kg8 26. Qb8+ 1/2-1/2

[Event "World Team Championship 2019"]
[Site "Astana KAZ"]
[Date "2019.03.11"]
[Round "6"]
[White "Adhiban, Baskaran"]
[Black "Jumabayev, Rinat"]
[Result "1/2-1/2"]
[WhiteElo "2683"]
[BlackElo "2609"]
[PlyCount "140"]
[EventDate "2019.03.05"]
[WhiteTeam "India"]
[BlackTeam "Kazakhstan"]

1. e4 e5 2. Nf3 Nc6 3. Bb5 Nf6 4. O-O Nxe4 5. Re1 Nd6 6. Nxe5 Be7 7. Bf1 Nxe5
8. Rxe5 O-O 9. d4 Bf6 10. Re1 Re8 11. Bf4 Rxe1 12. Qxe1 Ne8 13. Nc3 c6 14. d5
d6 15. Bd3 Bd7 16. h3 Qb6 17. Rb1 Qa5 18. Qe4 g6 19. Qf3 Bg7 20. b4 Qd8 21. Bc4
Rc8 22. dxc6 Bxc6 23. Nd5 Nc7 24. Rd1 h5 25. a3 Nxd5 26. Bxd5 Qf6 27. Bxc6 Rxc6
28. Qe4 a6 29. a4 Bf8 30. b5 axb5 31. axb5 Rc5 32. c4 Qe7 33. Qxe7 Bxe7 34.
Bxd6 Bxd6 35. Rxd6 Rxc4 36. Rd7 Rc1+ 37. Kh2 h4 38. g4 hxg3+ 39. Kxg3 b6 40.
Rb7 Rc3+ 41. f3 Rc4 42. Rxb6 Rb4 43. Kf2 Rb3 44. Ke2 Kg7 45. Kf2 Kh6 46. h4 Kh5
47. Kg3 g5 48. hxg5 Kxg5 49. Rb8 Kf5 50. Rb6 Rb2 51. Rh6 Kg5 52. Rb6 Kf5 53.
Rb7 f6 54. Rh7 Kg6 55. Rb7 Kf5 56. Rb8 Kg5 57. b6 Kf5 58. b7 Rb3 59. Kh4 Rb1
60. Kg3 Rb2 61. Kh3 Rb3 62. Kg2 Rb2+ 63. Kg3 Rb3 64. Kf2 Rb1 65. Ke3 Re1+ 66.
Kd4 Rd1+ 67. Kc5 Rc1+ 68. Kd6 Rd1+ 69. Kc6 Rc1+ 70. Kd6 Rd1+ 1/2-1/2

[Event "World Team Championship 2019"]
[Site "Astana KAZ"]
[Date "2019.03.11"]
[Round "6"]
[White "Amin, Bassem"]
[Black "Ding, Liren"]
[Result "1/2-1/2"]
[WhiteElo "2709"]
[BlackElo "2812"]
[PlyCount "128"]
[EventDate "2019.03.05"]
[WhiteTeam "Egypt"]
[BlackTeam "China"]

1. e4 e5 2. Nf3 Nc6 3. Bb5 a6 4. Ba4 Nf6 5. O-O Be7 6. Re1 b5 7. Bb3 O-O 8. a4
b4 9. a5 d6 10. d3 Be6 11. Bxe6 fxe6 12. Nbd2 Rb8 13. c3 Rb5 14. d4 bxc3 15.
bxc3 exd4 16. cxd4 Nb4 17. d5 Ng4 18. Rf1 c5 19. dxc6 Nxc6 20. Nb3 Bf6 21. Ra4
Qd7 22. Ba3 Nge5 23. Nxe5 Nxe5 24. Nd4 Rb7 25. Rb4 Rxb4 26. Bxb4 Rc8 27. Nf3
Nxf3+ 28. Qxf3 Rc4 29. Bd2 d5 30. exd5 Qxd5 31. Qb3 Rd4 32. Qb8+ Qd8 33. Qxd8+
Bxd8 34. Bc3 Rd3 35. Bb4 Rb3 36. Bd2 Ra3 37. g3 Bxa5 38. Bxa5 Rxa5 39. Rc1 Kf7
40. Rc7+ Kf6 41. Ra7 h5 42. h4 Ra2 43. Kg2 a5 44. Kf3 a4 45. Ra5 g6 46. Ke3 a3
47. Kf3 Ra1 48. Kf4 Ra2 49. Kf3 Ra1 50. Kf4 e5+ 51. Ke4 Re1+ 52. Kf3 Ra1 53.
Ke4 a2 54. Ra6+ Ke7 55. Kf3 Kd7 56. Kg2 Kc7 57. Ra8 Kb6 58. Ra3 Kc5 59. Ra8 Kd4
60. Ra7 e4 61. Ra8 e3 62. fxe3+ Kxe3 63. Re8+ Kd3 64. Rd8+ Ke3 1/2-1/2

[Event "World Team Championship 2019"]
[Site "Astana KAZ"]
[Date "2019.03.11"]
[Round "6"]
[White "Fawzy, Adham"]
[Black "Bu, Xiangzhi"]
[Result "1/2-1/2"]
[WhiteElo "2461"]
[BlackElo "2731"]
[PlyCount "75"]
[EventDate "2019.03.05"]
[WhiteTeam "Egypt"]
[BlackTeam "China"]

1. e4 c5 2. Nf3 d6 3. d4 cxd4 4. Nxd4 Nf6 5. Nc3 a6 6. Bg5 Nbd7 7. Qe2 Qa5 8.
Bd2 Qc7 9. g4 h6 10. h3 b5 11. Bg2 Bb7 12. a4 bxa4 13. Nd5 Nxd5 14. exd5 Nb6
15. Nc6 Bxc6 16. dxc6 d5 17. Ba5 Qxc6 18. Bxb6 Qxb6 19. O-O e6 20. c4 Bb4 21.
cxd5 Rd8 22. dxe6 fxe6 23. Rac1 O-O 24. Rc6 Qd4 25. Rxa6 Bc5 26. Kh1 e5 27. Bc6
a3 28. bxa3 Qc3 29. Bg2 Rd2 30. Qe1 Bxf2 31. Qe4 Rd3 32. Rxh6 gxh6 33. Qg6+ Kh8
34. Qxh6+ Kg8 35. Qg6+ Kh8 36. Qh5+ Kg8 37. Qg5+ Kh8 38. Qh6+ 1/2-1/2